| 000 | 00398nam a2200181Ia 4500 | ||
|---|---|---|---|
| 005 | 20250423100247.0 | ||
| 008 | 250422s9999 xx 000 0 und d | ||
| 020 | _a0-425-20575-4 | ||
| 050 | _aPS 3568 .O243 M66/ | ||
| 100 | _aRoberts, Nora | ||
| 245 | 0 | _aMontana sky | |
| 260 | _aNew York | ||
| 260 | _bBerkley | ||
| 260 | _c1996 | ||
| 300 | _a438 p | ||
| 650 | _aLiterature | ||
| 942 | _cBK | ||
| 999 |
_c32766 _d32766 |
||